000
00190nam a22000977a 4500
082
_a
823
_b
DAN/R
100
_a
DEFOE, DANIEL
245
_a
ROBINSON GUSOE
650
_a
ENGLISH STORY
942
_c
BK
999
_c
7279
_d
7279